000 00416nam a22001337a 4500
082 _a519.5
_bEHR
_cL-4, P-11
100 _aEhrenfeld, Sylvain
_942857
245 _aIntroduction to statistical method /
_cMcGraw Hill Series in probability and statistics,
260 _aUSA :
_bMcGraw Hill Company
_c1964.
300 _ax 533 p. :
526 _a0
_b0
_c0
_d519_500000000000000_EHR
650 _aMCE
_9379
942 _2ddc
_cBK
999 _c546674
_d546674